Tratado clínico y práctico de la tisis pulmonar y de las enfermedades tuberculosas de los diferentes órganos / (Registro nro. 157386)

Detalles MARC
000 -LEADER
campo de control de longitud fija 01194nam a22002775i 4500
001 - NÚMERO DE CONTROL
campo de control 157386
003 - IDENTIFICADOR DE NÚMERO DE CONTROL
campo de control ES-MaACL
005 - FECHA Y HORA DE LA ÚLTIMA TRANSACCIÓN
campo de control 20250930063135.0
008 - DATOS DE LONGITUD FIJA--INFORMACIÓN GENERAL
campo de control de longitud fija 940805s1882 sp |||| | spa d
040 ## - FUENTE DE CATALOGACIÓN
Centro catalogador/agencia de origen CAT
Lengua de catalogación spa
Centro/agencia transcriptor CAT
Centro/agencia modificador CCPB
080 #4 - NÚMERO DE LA CLASIFICACIÓN DECIMAL UNIVERSAL
Número de la Clasificación Decimal Universal 616
100 1# - ENTRADA PRINCIPAL--NOMBRE DE PERSONA
Nombre de persona Lebert, Hermann,
Fechas asociadas al nombre 1813-1878
9 (RLIN) 128804
245 10 - MENCIÓN DEL TÍTULO
Título Tratado clínico y práctico de la tisis pulmonar y de las enfermedades tuberculosas de los diferentes órganos /
Mención de responsabilidad, etc. por el doctor H. Lebert ; versión española de Carlos María Cortezo.
260 ## - PUBLICACIÓN, DISTRIBUCIÓN, ETC.
Lugar de publicación, distribución, etc. Madrid [etc.] :
Nombre del editor, distribuidor, etc. Carlos Bailly-Baillière, Librería Extranjera y Nacional, Científica y Literaria [etc.],
Fecha de publicación, distribución, etc. 1882.
300 ## - DESCRIPCIÓN FÍSICA
Extensión 741 [i.e. 441] p. ;
Dimensiones 22 cm.
490 1# - MENCIÓN DE SERIE
Mención de serie Biblioteca escogida de El Siglo Médico
650 #7 - PUNTO DE ACCESO ADICIONAL DE MATERIA--TÉRMINO DE MATERIA
Término de materia o nombre geográfico como elemento de entrada Tuberculosis
Fuente del encabezamiento o término embne
9 (RLIN) 17658
700 1# - ENTRADA AGREGADA--NOMBRE PERSONAL
Nombre de persona Cortezo, Carlos María (
Fechas asociadas al nombre n. 1850),
Término indicativo de función/relación
9 (RLIN) 188112
700 1# - ENTRADA AGREGADA--NOMBRE PERSONAL
Nombre de persona Bailly-Baillière, Charles.
9 (RLIN) 125784
710 2# - ENTRADA AGREGADA--NOMBRE DE ENTIDAD CORPORATIVA
Nombre de entidad corporativa o nombre de jurisdicción como elemento de entrada Librería Extranjera y Nacional, Científica y Literaria (Madrid)
9 (RLIN) 134643
752 ## - ENTRADA AGREGADA--NOMBRE JERÁRQUICO DEL LUGAR
País o entidad superior España -
Ciudad Madrid
830 0# - PUNTO DE ACCESO ADICIONAL DE SERIE-TÍTULO UNIFORME
Título uniforme Biblioteca escogida de El Siglo Médico
9 (RLIN) 182501
852 ## - LOCALIZACIÓN
Ubicación ES-MaACL
Número de control de estantería F-12288
Nota libre -- Enc. hol.
Existencias
Estatus retirado Estado de pérdida Estado de daño No para préstamo Colección Biblioteca de origen Biblioteca actual Ubicación en estantería Fecha de adquisición Fuente de adquisición Total de préstamos Signatura topográfica completa Código de barras Visto por última vez Precio de reemplazo Tipo de ítem Koha
        Libros del s. XIX Biblioteca del Ateneo de Madrid Biblioteca del Ateneo de Madrid Sala Pecera Planta 2 17/01/2008     F-12288 1164703 23/02/2023 23/02/2023 Libro impreso antiguo